Análisis del bromear : a cien años de der witz und seine beziehung zum umbewussten, de Sigmund Freud /

Freud fundó una de las más influyentes tradiciones en psicología y psicoterapia del siglo XX: el psicoanálisis. Dicha tradición difundió un uso teórico del término inconsciente con La interpretación de los Sueños de 1900. En el desarrollo de esta tradición, tanto teórico como práctico (la formación...

Descripción completa

Detalles Bibliográficos
Autor principal: Orellana Benado, M. E.
Formato: Analitica de revista
Lenguaje:español
Publicado: Santiago, Chile Centro de Estudios Públicos 2005

MARC

LEADER 00000cab a2200000 a 4500
001 032708
003 UAHC_CL
005 20180731173930.0
008 030915b xx j 000 1 spa
952 |0 0  |1 0  |4 0  |6 ESTUDIOS_PUBLICOS99_05_000000000000000  |7 0  |8 General  |9 63130  |a BC  |b BC  |c General  |d 2017-08-03  |l 0  |o ESTUDIOS PUBLICOS-99/05  |p FICTICIO3459  |r 2019-01-08 00:00:00  |t 1  |w 2017-08-03  |y REVA 
999 |c 32708  |d 32708 
040 |a UAHC_CL  |c UAHC_CL  |d UAHC_CL 
100 1 |a Orellana Benado, M. E. 
245 1 0 |a Análisis del bromear :  |b a cien años de der witz und seine beziehung zum umbewussten, de Sigmund Freud /  |c M.E. Orellana Benado. 
260 |b Centro de Estudios Públicos  |c 2005  |a Santiago, Chile 
300 |a p. 225-240 
500 |a En: Estudios Públicos. -- Nº99 (invierno, 2005), p. 225-240. ISSN 07161115 
520 |a Freud fundó una de las más influyentes tradiciones en psicología y psicoterapia del siglo XX: el psicoanálisis. Dicha tradición difundió un uso teórico del término inconsciente con La interpretación de los Sueños de 1900. En el desarrollo de esta tradición, tanto teórico como práctico (la formación de analistas y el perfeccionamiento de sus terapias), El chiste y su relación con el Inconsciente de 1905 no tuvo influencia. Este accidente en la historia de las ideas causó malentendidos. Basar el entendimiento del término inconsciente en el caso de los sueños sugiere una concepción espacial de la vida mental: la vida consciente es aquella que ocurre aquí, mientras la inconsciente transcurre, de manera literal, en otra parte. Pero cuando bromeamos no estamos en "otra parte", de manera que dicho entendimiento es erróneo. Combinar una concepción reprimida del inconsciente con un análisis del bromear promete un futuro esplendor al psicoanálisis en el siglo XXI. 
773 0 |t Estudios públicos  |w 032045 
900 |a ESTUDIOS PUBLICOS-99/05 
942 |c REVA  |2 ddc